| Tag |
First Indicator |
Second Indicator |
Subfields |
| LEADER |
00000cam a2200000 4500 |
| 001 |
in00000303621 |
| 005 |
20151010092715.0 |
| 008 |
700821s1970 nyub b 00110 eng |
| 010 |
|
|
|a 70109339
|
| 020 |
|
|
|a 0801405661
|c 9.75
|
| 035 |
|
|
|a (OCoLC)00091483
|
| 035 |
|
|
|9 ABG7216AM
|
| 040 |
|
|
|a DLC
|c DLC
|d TXA
|d UtOrBLW
|
| 043 |
|
|
|a e------
|a a-tu---
|a e-gx---
|
| 049 |
|
|
|a TXAM
|c [1181971]
|
| 050 |
0 |
0 |
|a D566
|b .W37
|
| 082 |
0 |
|
|a 327.43/0561
|
| 100 |
1 |
|
|a Weber, Frank G.
|
| 245 |
1 |
0 |
|a Eagles on the crescent ;
|b Germany, Austria, and the diplomacy of the Turkish alliance, 1914-1918 /
|c [By] Frank G. Weber.
|
| 264 |
|
1 |
|a Ithaca :
|b Cornell University Press,
|c [1970]
|
| 300 |
|
|
|a x, 284 pages :
|b map. ;
|c 22 cm.
|
| 336 |
|
|
|a text
|b txt
|2 rdacontent
|
| 337 |
|
|
|a unmediated
|b n
|2 rdamedia
|
| 338 |
|
|
|a volume
|b nc
|2 rdacarrier
|
| 504 |
|
|
|a Bibliography: pages 263-272.
|
| 650 |
|
0 |
|a World War, 1914-1918
|z Turkey.
|
| 651 |
|
0 |
|a Germany
|x Foreign relations
|z Turkey.
|
| 651 |
|
0 |
|a Turkey
|x Foreign relations
|z Germany.
|
| 999 |
|
|
|a MARS
|
| 999 |
f |
f |
|s 103f429f-c7e8-393d-8097-a4bd8fe5108b
|i aca55ee6-df01-31d4-872c-678bd94ebc29
|t 0
|
| 952 |
f |
f |
|p ric
|a Texas A&M University
|b Rellis Campus
|c Joint Library Facility
|d Remote Storage
|t 0
|e D566 .W37
|h Library of Congress classification
|i unmediated -- volume
|m A14801883628
|
| 998 |
f |
f |
|a D566 .W37
|t 0
|l Remote Storage
|